[Event "Vaxjo op"]
[Site "Vaxjo"]
[Date "2015.02.15"]
[Round "7"]
[White "Polovnikova, Margo"]
[Black "Dale, Svein"]
[Result "0-1"]
[WhiteElo "1504"]
[BlackElo "1709"]
[PlyCount "72"]
[EventDate "2015.02.13"]
[EventType "swiss"]
[EventRounds "8"]
[EventCountry "SWE"]
[SourceTitle "CBM 164 Extra"]
[Source "ChessBase"]
[SourceDate "2015.03.02"]
[SourceVersion "1"]
[SourceVersionDate "2015.03.02"]
[SourceQuality "1"]

1. e4 c6 2. d4 d5 3. e5 Bf5 4. Nc3 e6 5. g4 Bg6 6. Nge2 h6 7. Nf4 Bh7 8. Bd3 Bxd3 9. Qxd3 Na6 10. Be3 Rc8 11. 0-0-0 Qa5 12. Kb1 b5 13. Bd2 b4 14. Nce2 c5 15. c4 bxc3 16. Qxc3 Qb6 17. Qa5 c4 18. Qa4+ Qc6 19. Qxc6+ Rxc6 20. Ng2 Nb4 21. Bxb4 Bxb4 22. Rc1 Ne7 23. Nc3 Kd7 24. f4 Rb8 25. Ka1 Rcb6 26. Ne3 Nc6 27. Rhd1 Be7 28. Rd2 Nb4 29. f5 Nd3 30. Rb1 Bg5 31. Ncd1 Bxe3 32. Nxe3 c3 33. Rxd3 cxb2+ 34. Rxb2 Rxb2 35. fxe6+ fxe6 36. Rd1 Rxh2 0-1